Αλληλογραφία της Π. Σ. Δέλτα : 1906-1940

Αποθηκεύτηκε σε:
Λεπτομέρειες βιβλιογραφικής εγγραφής
Μορφή: Βιβλίο
Γλώσσα:Greek
Δημοσίευση: Αθήνα : Εστία, [x.x.]
Θέματα:
Ετικέτες: Προσθήκη ετικέτας
Δεν υπάρχουν, Καταχωρήστε ετικέτα πρώτοι!

MARC

LEADER 00000cam a2200000 i 4500
001 1/23565
008 960228q gr | ||| |||| ||gre||
035 |a 1988  |b 3  |c Αγορά/Τσιάκαλος  |l 10036882 
040 |a GR-MY-UA  |b gre  |e aacr 
041 0 |a gre 
082 0 |a 889.632 
245 1 0 |a Αλληλογραφία της Π. Σ. Δέλτα :  |b 1906-1940 /  |c Επιμέλεια Ξ. Λευκοπαρίδη 
260 |a Αθήνα :   |b Εστία,   |c [x.x.] 
505 0 |a Π. Βλαστός, Κ. Παλαμάς, Α. Πάλλης, Φ. Φωτιάδης, Γ. Βλαχογιάννης, Α. Εφταλιώτης, Α. Δελμούζος, Μ. Τριανταφυλλίδης, Γ. Ψυχάρης, Δ. Ταγγόπουλος, Δ. Πετροκόκκινος, Α. Αδαμαντίου, Δ. Γληνός, Μυριβήλης, Αμάσειας Γερμανός, Κ. Μελάς, Α. Διομήδης, Μ. Ράκτιβαν, Αθηνών Χρύσανθος, Ι. Αθανασάκης, Ι. Δεμέστιχας, Θ. Μανέτας, Α. Φικιώρη, Κ. Καραθεοδωρής, Ε. Βενιζέλος, Κ. Δεμερτζής, ΧΡ. Χρηστίδης, Π. Παλαιολόγος. 
600 1 0 |a Δέλτα, Πηνελόπη Σ.,   |d 1874-1941. 
650 0 0 |a Litterateurs  |x Correspondence. 
852 |a INST  |b RHODES  |e 19960228  |h 889.632 ΑΛΛ  |p 005400006015  |q 005400006015  |t BK  |y 0 
909 |a Ρ  |b 03186  |c 1988